00746nac a22002291u 4500020002100000082001900021090001500040100003400055245004700089260004900136300002900185490002200214500002100236500001400257500003800271650001500309650002700324700001900351942002100370999001500391952011000406 a0632010924 (pbk) a 616.15bC7272 c3609d3609 aColvin, B. T.  aHaematology /c B.T. Colvin, A.C. Newland. aOxford :b Blackwell Scientific, 1988.c1988 a[384]p. :bill. ;c19cm. aPocket consultant a Includes index. aDonations aDonations-Bibliotheca Alexandrina aHematology aMedicinex Haematology aNewland, A. C. cBBk 616.15C7272 c3609d3609 00102ddc4070aMAINbMAINc1STd2007-05-02ePurchasel0o616.15 COLp000030316r2025-07-15 00:00:00yBB